00645nam a2200229Ia 450000500170000000800410001702000150005808200210007310000170009424500600011126000390017130000190021065000130022965000100024265000080025265000130026065000130027365000110028694200060029795200970030399900150040020250206052535.0240331s9999 xx 000 0 und d a0415058546 bSEI21171a305.4 aSeidler, V.J 0aRecreating Sexual Politics:bMen, Feminism and Politics aLondon;aNew YorkbRoutledgec1991 axviii, 311 p., aFeminism aWomen aMen aMorality aPolitics aFacism cL 001040708LaWERCLbWERCLcSSCd2024-03-31l0o 305.4 SEIp1171r2024-03-31w2024-03-31yL c1695d1695